Statistiques concernant Capitales les plus proches de Paris - une minute sprint

Cliquez ici pour prendre le quiz!

Statistiques générales

  • Ce quiz a été pris 196 fois
  • Le résultat moyen est 14 sur 20

Statistiques - réponses

kmcapitale% Correct
268Bruxelles
97%
438Berne
96%
341Londres
96%
1053Madrid
96%
1108Rome
96%
880Berlin
93%
289Luxembourg
92%
430Amsterdam
86%
779Dublin
77%
692Monaco
76%
1037Vienne
71%
710Andorre-la-Vieille
68%
569Vaduz
57%
1028Copenhague
56%
886Prague
54%
1106Vatican
46%
950Saint-Marin
44%
1083Zagreb
27%
967Ljubljana
25%
1092Bratislava
21%

Distribution des résultats

Percentile par nombre de réponses

% des personnes avec chaque résultat

Votre développement - résultats

Vous n’avez pas pris ce quiz